|
|
|
|
| LEADER |
00000ny a22000003n 4500 |
| 005 |
20110628205849.0 |
| 006 |
m u |
| 007 |
cr cn||||||||| |
| 008 |
200807r2007 sp |||||s|||||||||||spa d |
| 022 |
|
|
|z 9788476988008
|
| 035 |
|
|
|a 2046
|
| 040 |
|
|
|a FlNmELB
|c FlNmELB
|d vLex
|
| 050 |
1 |
4 |
|a K1005.4
|b G493 2007eb
|
| 080 |
|
|
|a 347.7
|
| 090 |
|
|
|c 1229
|d 1229
|
| 100 |
1 |
|
|a Ginš Castellet, Nr︢ia
|
| 245 |
1 |
0 |
|a Reforma de la legislacin̤ mercantil y las normas internacionales de contabilidad
|h [Recurso electrn̤ico]
|c Coordinado por Nr︢ia Ginš Castellet; Oriol Amat, Ana Mara̕ Martn̕ez-Pina, Santiago Mn̕guez, Juan Ignacio Sanz
|
| 256 |
|
|
|a Servicio en ln̕ea
|
| 260 |
|
|
|a Barcelona :
|b Bosch Editor,
|c 2007
|
| 300 |
|
|
|a 7-115 p
|
| 506 |
1 |
|
|a Contenido solo disponible en los productos indicados
|d vLex Global
|d vLex Global (Academic Edition, excluding Law Schools)
|d vLex Global (U.S. Academic Edition, Law Schools)
|d vLex Global (U.S. Academic Edition, excluding Law Schools)
|d vLex Global (Academic Edition, Law Schools)
|
| 700 |
1 |
|
|a Amat, Oriol,
|e aut
|
| 700 |
1 |
|
|a Martn̕ez-Pina Garca̕, Ana Mara̕,
|e coaut.
|
| 700 |
1 |
|
|a Mn̕guez, Santiago,
|e coaut.
|
| 700 |
1 |
|
|a Sanz, Juan Ignacio,
|e coaut.
|
| 740 |
0 |
|
|a vLex Libros (Servicios en ln̕ea)
|
| 856 |
4 |
0 |
|z Acceso restringido
|u http://vlex.com/source/legislacion-mercantil-normas-internacionales-contabilidad-2046
|
| 942 |
|
|
|c BOOK
|